LSU Alma Mater Quiz Stats

 Plays Quiz not verified by Sporcle

Support Sporcle.
Go Orange.
Score 0/84 Timer 03:00
0 Plays Today
% Correct
and
95.3%
a
95.3%
and
95.3%
the
95.3%
and
95.3%
LSU
90.5%
for
90.2%
in
88%
in
88%
in
88%
broad
87.7%
oaks
87.4%
magnolias
87.4%
to
87.1%
to
87.1%
to
87.1%
to
87.1%
Alma
86.8%
Mater
86.8%
Alma
86.8%
Mater
86.8%
us
86.4%
us
86.4%
forever
86.4%
us
86.4%
forever
86.4%
halls
85.5%
our
84.9%
% Correct
our
84.9%
our
84.9%
Our
84.9%
shade
83.9%
inspiring
83.9%
stately
82%
Where
80.1%
dear
80.1%
old
79.8%
we
79.5%
we
79.5%
there
76%
recalls
76%
love
74.8%
love
74.8%
stands
74.4%
hearts
73.8%
live
73.5%
glow
72.6%
memories
71.6%
be
71.6%
be
71.6%
tender
71.3%
fond
71%
that
71%
that
71%
May
69.1%
may
69.1%
% Correct
have
68.8%
know
68.5%
of
67.8%
thy
67.2%
thy
67.2%
whom
66.9%
spirit
66.9%
All
66.2%
will
66.2%
waken
65.6%
worth
65.3%
worth
65.3%
learned
64.7%
molder
63.7%
mankind
63.4%
life
63.1%
thee
62.8%
it
62.5%
true
62.5%
make
60.9%
keep
60.6%
pray
59.6%
thine
58.7%
happy
58%
unending
56.5%
glory
54.9%
praise
52.7%
greater
52.1%

You're not logged in!

Compare scores with friends on all Sporcle quizzes.
OR
Log In

From the Vault

10,000 Receiving Yards, One Team

by El_Dandy

It may be better to give than to receive, but these players are still pretty darn good.
Remove Ads.
Support Sporcle.
Get the best of Sporcle when you Go Orange. This ad-free experience offers more features, more stats, and more fun while also helping to support Sporcle. Thank you for becoming a member.

Show Comments

Extras

Created Feb 15, 2011ReportNominate
Tags:lsu, LSU Football

Top Quizzes Today


Score Distribution

Your Account Isn't Verified!

In order to create a playlist on Sporcle, you need to verify the email address you used during registration. Go to your Sporcle Settings to finish the process.

Report this User

Report this user for behavior that violates our Community Guidelines.

Details: